000 00618nam a22001817a 4500
003 BUBTL
008 190311b xxu||||| |||| 00| 0 eng d
020 _a978-984-91375-3-5
082 _a891.443 / THC
100 _92151
_aঠাকুর, রবীনদ্রনাথ
245 _aচোখের বালি /
_cরবীনদ্রনাথ ঠাকুর
260 _aঢাকা :
_bভাষাপ্রকাশ,
_cc2015
300 _a231 p. :
_c21 cm.
650 0 _91687
_aবাংলা সাহিত্য
856 _k0
_l0
_yDownload
942 _2ddc
_cBK
999 _c5912
_d5912